000 003150000a22001450004500
003 MACL
040 _aMACL
090 _c2524
_d2524
100 _aPrabhu, R.K.
245 _aThe Mind of Mahatma Gandhi
260 _bNavajivan Publishing House
_c1967
350 _a75
650 _aIndian History
942 _cBOOK
_k954
999 _c2505
_d2505